000
00311pam a2200133 a 4500
020
_c
041
_h
082
_a
025.1
_b
MIT
100
_a
MITTAL R.L.,
245
_a
LIBRARY ADMINISTRATION
_h
Textual Documents
260
_a
NEW DELHI
_b
METROPOLITAN BOOK CO PVT LTD
_c
1984
300
_a
XX+840
930
_a
9780
999
_c
129233
_d
129233